Object Oriented Analysis and Design Using UML (Record no. 224343)

MARC details
000 -LEADER
fixed length control field 00530nam a2200205Ia 4500
008 - FIXED-LENGTH DATA ELEMENTS--GENERAL INFORMATION
fixed length control field 240823s9999||||xx |||||||||||||| ||und||
020 ## - INTERNATIONAL STANDARD BOOK NUMBER
International Standard Book Number 978-1-25-900674-6
082 ## - DEWEY DECIMAL CLASSIFICATION NUMBER
-- 005.11 Q3
100 ## - MAIN ENTRY--PERSONAL NAME
Personal name Jeya Mala D
245 #0 - TITLE STATEMENT
Title Object Oriented Analysis and Design Using UML
250 ## - EDITION STATEMENT
Edition statement 1st
260 ## - PUBLICATION, DISTRIBUTION, ETC. (IMPRINT)
Date of publication, distribution, etc 2013
Name of publisher, distributor, etc McGraw - Hill Higher Educ
Place of publication, distribution, etc New York
500 ## - GENERAL NOTE
General note ISSUED
650 ## - SUBJECT ADDED ENTRY--TOPICAL TERM
Topical term or geographic name as entry element Object oriented
700 ## - ADDED ENTRY--PERSONAL NAME
Personal name Geetha S.
942 ## - ADDED ENTRY ELEMENTS (KOHA)
Item type Books
Holdings
Withdrawn status Lost status Damaged status Permanent location Current location Date acquired Source of acquisition Cost, normal purchase price Full call number Barcode Date last seen Koha item type
      CENTRAL LIBRARY, NOORUL ISLAM CENTRE FOR HIGHER EDUCATION CENTRAL LIBRARY, NOORUL ISLAM CENTRE FOR HIGHER EDUCATION 11/01/2015 "Book On Wheels, Tirunelveli" 399.00 005.11 Q3 73169 08/23/2024 Books
Visitors:
Copyright © 2024 Central Library NICHE.  All rights reserved.